000 00656nam a2200241Ia 4500
003 OSt
005 20220928104120.0
006 a|||||r|||| 00| 0
007 ta
008 220927b |||||||| |||| 00| 0 eng d
024 _a85069
037 _cTextual
040 _aSDCL
_cSDCL
_beng
041 _2eng
_aeng
082 _aY15-41(NA).2'P, P7
100 _aDesai Madhavi Ed.
_9408834
245 0 _aWomen and the built environment
260 _aNew Delhi
_bZubban
_c2007
300 _a262p.
_ccm.
650 _aWomen Architects
_9408835
942 _hY15-41(NA).2'P, P7
_cTEXL
_2CC
999 _c724359
_d724359